000 00797pab a2200169 454500
008 180718b2003 xxu||||| |||| 00| 0 eng d
100 _aAshutosh Kumar
245 _aState electoral politics: looking for the larger picture
260 _c2003
300 _ap.3145-147.
362 _a26 Jul
520 _aElectoral patterns across India have shown an extreme fluidity in the nature of electoral permutations and combinations that come to assume power at the central or state levels. Despite the region specific nature of electoral politics and the emergence of distinct identities, however, emerging trends in Indian politics reveal certain commonalities across the country.
650 _aElections - India
650 _aElections
773 _aEconomic and Political Weekly
909 _a57502
999 _c57502
_d57502